<?xml version="1.0" encoding="UTF-8"?><marc:collection xmlns:marc="http://www.loc.gov/MARC21/slim">
  <marc:record>
    <marc:leader>06799nas a2201105 c 4500</marc:leader>
    <marc:controlfield tag="001">010000933</marc:controlfield>
    <marc:controlfield tag="003">DE-101</marc:controlfield>
    <marc:controlfield tag="005">20250404155124.0</marc:controlfield>
    <marc:controlfield tag="007">tu</marc:controlfield>
    <marc:controlfield tag="008">991118d19542012gw z||p|  r|| 0||||1ger c</marc:controlfield>
    <marc:datafield tag="015" ind1=" " ind2=" ">
      <marc:subfield code="a">79,A03,0017</marc:subfield>
      <marc:subfield code="2">dnb</marc:subfield>
    </marc:datafield>
    <marc:datafield tag="016" ind1="7" ind2=" ">
      <marc:subfield code="2">DE-600</marc:subfield>
      <marc:subfield code="a">122-3</marc:subfield>
    </marc:datafield>
    <marc:datafield tag="016" ind1="7" ind2=" ">
      <marc:subfield code="2">DE-101</marc:subfield>
      <marc:subfield code="a">010000933</marc:subfield>
    </marc:datafield>
    <marc:datafield tag="022" ind1=" " ind2=" ">
      <marc:subfield code="a">0065-2032</marc:subfield>
    </marc:datafield>
    <marc:datafield tag="035" ind1=" " ind2=" ">
      <marc:subfield code="a">(DE-599)ZDB122-3</marc:subfield>
    </marc:datafield>
    <marc:datafield tag="035" ind1=" " ind2=" ">
      <marc:subfield code="a">(OCoLC)1367314165</marc:subfield>
    </marc:datafield>
    <marc:datafield tag="040" ind1=" " ind2=" ">
      <marc:subfield code="a">9001</marc:subfield>
      <marc:subfield code="b">ger</marc:subfield>
      <marc:subfield code="c">DE-101</marc:subfield>
      <marc:subfield code="d">9999</marc:subfield>
    </marc:datafield>
    <marc:datafield tag="041" ind1=" " ind2=" ">
      <marc:subfield code="a">ger</marc:subfield>
    </marc:datafield>
    <marc:datafield tag="042" ind1=" " ind2=" ">
      <marc:subfield code="a">zdb</marc:subfield>
    </marc:datafield>
    <marc:datafield tag="044" ind1=" " ind2=" ">
      <marc:subfield code="c">XA-DE</marc:subfield>
    </marc:datafield>
    <marc:datafield tag="082" ind1="7" ind2="4">
      <marc:subfield code="a">000</marc:subfield>
      <marc:subfield code="a">020</marc:subfield>
      <marc:subfield code="a">070</marc:subfield>
      <marc:subfield code="a">090</marc:subfield>
      <marc:subfield code="q">DE-101</marc:subfield>
      <marc:subfield code="2">22sdnb</marc:subfield>
    </marc:datafield>
    <marc:datafield tag="083" ind1="7" ind2=" ">
      <marc:subfield code="a">920</marc:subfield>
      <marc:subfield code="a">020</marc:subfield>
      <marc:subfield code="q">DE-600</marc:subfield>
      <marc:subfield code="2">22sdnb</marc:subfield>
    </marc:datafield>
    <marc:datafield tag="084" ind1=" " ind2=" ">
      <marc:subfield code="a">24,1</marc:subfield>
      <marc:subfield code="2">ssgn</marc:subfield>
    </marc:datafield>
    <marc:datafield tag="084" ind1=" " ind2=" ">
      <marc:subfield code="a">75</marc:subfield>
      <marc:subfield code="a">560</marc:subfield>
      <marc:subfield code="2">rpb</marc:subfield>
    </marc:datafield>
    <marc:datafield tag="084" ind1=" " ind2=" ">
      <marc:subfield code="a">AN 44000</marc:subfield>
      <marc:subfield code="a">AN 44008</marc:subfield>
      <marc:subfield code="2">rvk</marc:subfield>
    </marc:datafield>
    <marc:datafield tag="245" ind1="0" ind2="0">
      <marc:subfield code="a">Adreßbuch für den deutschsprachigen Buchhandel</marc:subfield>
      <marc:subfield code="b">Buchhandelsadreßbuch für die Bundesrepublik Deutschland ; Adreßbuch des österreichischen Buchhandels ; Schweizer Buchhandel-Adreßbuch</marc:subfield>
      <marc:subfield code="c">Buchhändler-Vereinigung</marc:subfield>
    </marc:datafield>
    <marc:datafield tag="247" ind1="0" ind2="0">
      <marc:subfield code="a">Adreßbuch des deutschsprachigen Buchhandels</marc:subfield>
      <marc:subfield code="f">Hauptsacht. bis 1974/75</marc:subfield>
    </marc:datafield>
    <marc:datafield tag="264" ind1="3" ind2="1">
      <marc:subfield code="a">Frankfurt, M.</marc:subfield>
      <marc:subfield code="b">MVB Marketing- und Verlagsservice des Buchhandels</marc:subfield>
      <marc:subfield code="c">1954-2012</marc:subfield>
    </marc:datafield>
    <marc:datafield tag="264" ind1=" " ind2="1">
      <marc:subfield code="3">anfangs</marc:subfield>
      <marc:subfield code="a">Frankfurt, M.</marc:subfield>
      <marc:subfield code="b">Buchhändler-Vereinigung</marc:subfield>
    </marc:datafield>
    <marc:datafield tag="336" ind1=" " ind2=" ">
      <marc:subfield code="a">Text</marc:subfield>
      <marc:subfield code="b">txt</marc:subfield>
      <marc:subfield code="2">rdacontent</marc:subfield>
    </marc:datafield>
    <marc:datafield tag="337" ind1=" " ind2=" ">
      <marc:subfield code="a">ohne Hilfsmittel zu benutzen</marc:subfield>
      <marc:subfield code="b">n</marc:subfield>
      <marc:subfield code="2">rdamedia</marc:subfield>
    </marc:datafield>
    <marc:datafield tag="338" ind1=" " ind2=" ">
      <marc:subfield code="a">Band</marc:subfield>
      <marc:subfield code="b">nc</marc:subfield>
      <marc:subfield code="2">rdacarrier</marc:subfield>
    </marc:datafield>
    <marc:datafield tag="362" ind1="0" ind2=" ">
      <marc:subfield code="a">1954 - 2012/13(2012)</marc:subfield>
    </marc:datafield>
    <marc:datafield tag="363" ind1="0" ind2="0">
      <marc:subfield code="8">1.1\x</marc:subfield>
      <marc:subfield code="i">1954</marc:subfield>
    </marc:datafield>
    <marc:datafield tag="363" ind1="1" ind2="0">
      <marc:subfield code="8">1.2\x</marc:subfield>
      <marc:subfield code="i">2012/13</marc:subfield>
    </marc:datafield>
    <marc:datafield tag="501" ind1=" " ind2=" ">
      <marc:subfield code="a">Inhaltl. Gliederung ab 1978/79 in Bd. 1: Verlage; Bd. 2: Buchhandel; Bd. 3: Organisationen</marc:subfield>
    </marc:datafield>
    <marc:datafield tag="515" ind1=" " ind2=" ">
      <marc:subfield code="a">1957, 1964, 1973 u. 1976 nicht ersch.; jährl.</marc:subfield>
    </marc:datafield>
    <marc:datafield tag="591" ind1=" " ind2=" ">
      <marc:subfield code="a">24!Kopie 101b!(15-04-13)</marc:subfield>
    </marc:datafield>
    <marc:datafield tag="650" ind1=" " ind2="7">
      <marc:subfield code="0">(DE-588)4063004-3</marc:subfield>
      <marc:subfield code="0">https://d-nb.info/gnd/4063004-3</marc:subfield>
      <marc:subfield code="0">(DE-101)040630048</marc:subfield>
      <marc:subfield code="a">Verlag</marc:subfield>
      <marc:subfield code="9">rswk-swf</marc:subfield>
      <marc:subfield code="2">gnd</marc:subfield>
    </marc:datafield>
    <marc:datafield tag="650" ind1=" " ind2="7">
      <marc:subfield code="0">(DE-588)4008626-4</marc:subfield>
      <marc:subfield code="0">https://d-nb.info/gnd/4008626-4</marc:subfield>
      <marc:subfield code="0">(DE-101)040086267</marc:subfield>
      <marc:subfield code="a">Buchhandel</marc:subfield>
      <marc:subfield code="9">rswk-swf</marc:subfield>
      <marc:subfield code="2">gnd</marc:subfield>
    </marc:datafield>
    <marc:datafield tag="650" ind1=" " ind2="7">
      <marc:subfield code="0">(DE-588)4008626-4</marc:subfield>
      <marc:subfield code="0">https://d-nb.info/gnd/4008626-4</marc:subfield>
      <marc:subfield code="0">(DE-101)040086267</marc:subfield>
      <marc:subfield code="a">Buchhandel</marc:subfield>
      <marc:subfield code="9">rswk-swf</marc:subfield>
      <marc:subfield code="2">gnd</marc:subfield>
    </marc:datafield>
    <marc:datafield tag="650" ind1=" " ind2="7">
      <marc:subfield code="0">(DE-588)4008626-4</marc:subfield>
      <marc:subfield code="0">https://d-nb.info/gnd/4008626-4</marc:subfield>
      <marc:subfield code="0">(DE-101)040086267</marc:subfield>
      <marc:subfield code="a">Buchhandel</marc:subfield>
      <marc:subfield code="9">rswk-swf</marc:subfield>
      <marc:subfield code="2">gnd</marc:subfield>
    </marc:datafield>
    <marc:datafield tag="650" ind1=" " ind2="7">
      <marc:subfield code="0">(DE-588)4008626-4</marc:subfield>
      <marc:subfield code="0">https://d-nb.info/gnd/4008626-4</marc:subfield>
      <marc:subfield code="0">(DE-101)040086267</marc:subfield>
      <marc:subfield code="a">Buchhandel</marc:subfield>
      <marc:subfield code="9">rswk-swf</marc:subfield>
      <marc:subfield code="2">gnd</marc:subfield>
    </marc:datafield>
    <marc:datafield tag="650" ind1=" " ind2="7">
      <marc:subfield code="0">(DE-588)4063004-3</marc:subfield>
      <marc:subfield code="0">https://d-nb.info/gnd/4063004-3</marc:subfield>
      <marc:subfield code="0">(DE-101)040630048</marc:subfield>
      <marc:subfield code="a">Verlag</marc:subfield>
      <marc:subfield code="9">rswk-swf</marc:subfield>
      <marc:subfield code="2">gnd</marc:subfield>
    </marc:datafield>
    <marc:datafield tag="651" ind1=" " ind2="7">
      <marc:subfield code="0">(DE-588)4070370-8</marc:subfield>
      <marc:subfield code="0">https://d-nb.info/gnd/4070370-8</marc:subfield>
      <marc:subfield code="0">(DE-101)040703703</marc:subfield>
      <marc:subfield code="a">Deutsches Sprachgebiet</marc:subfield>
      <marc:subfield code="9">rswk-swf</marc:subfield>
      <marc:subfield code="2">gnd</marc:subfield>
    </marc:datafield>
    <marc:datafield tag="651" ind1=" " ind2="7">
      <marc:subfield code="0">(DE-588)4070370-8</marc:subfield>
      <marc:subfield code="0">https://d-nb.info/gnd/4070370-8</marc:subfield>
      <marc:subfield code="0">(DE-101)040703703</marc:subfield>
      <marc:subfield code="a">Deutsches Sprachgebiet</marc:subfield>
      <marc:subfield code="9">rswk-swf</marc:subfield>
      <marc:subfield code="2">gnd</marc:subfield>
    </marc:datafield>
    <marc:datafield tag="651" ind1=" " ind2="7">
      <marc:subfield code="0">(DE-588)4011889-7</marc:subfield>
      <marc:subfield code="0">https://d-nb.info/gnd/4011889-7</marc:subfield>
      <marc:subfield code="0">(DE-101)040118894</marc:subfield>
      <marc:subfield code="a">Deutschland</marc:subfield>
      <marc:subfield code="g">Bundesrepublik</marc:subfield>
      <marc:subfield code="9">rswk-swf</marc:subfield>
      <marc:subfield code="2">gnd</marc:subfield>
    </marc:datafield>
    <marc:datafield tag="651" ind1=" " ind2="7">
      <marc:subfield code="0">(DE-588)4043271-3</marc:subfield>
      <marc:subfield code="0">https://d-nb.info/gnd/4043271-3</marc:subfield>
      <marc:subfield code="0">(DE-101)040432718</marc:subfield>
      <marc:subfield code="a">Österreich</marc:subfield>
      <marc:subfield code="9">rswk-swf</marc:subfield>
      <marc:subfield code="2">gnd</marc:subfield>
    </marc:datafield>
    <marc:datafield tag="651" ind1=" " ind2="7">
      <marc:subfield code="0">(DE-588)4053881-3</marc:subfield>
      <marc:subfield code="0">https://d-nb.info/gnd/4053881-3</marc:subfield>
      <marc:subfield code="0">(DE-101)040538818</marc:subfield>
      <marc:subfield code="a">Schweiz</marc:subfield>
      <marc:subfield code="9">rswk-swf</marc:subfield>
      <marc:subfield code="2">gnd</marc:subfield>
    </marc:datafield>
    <marc:datafield tag="651" ind1=" " ind2="7">
      <marc:subfield code="0">(DE-588)4011882-4</marc:subfield>
      <marc:subfield code="0">https://d-nb.info/gnd/4011882-4</marc:subfield>
      <marc:subfield code="0">(DE-101)040118827</marc:subfield>
      <marc:subfield code="a">Deutschland</marc:subfield>
      <marc:subfield code="9">rswk-swf</marc:subfield>
      <marc:subfield code="2">gnd</marc:subfield>
    </marc:datafield>
    <marc:datafield tag="655" ind1=" " ind2="7">
      <marc:subfield code="0">(DE-588)4067488-5</marc:subfield>
      <marc:subfield code="0">https://d-nb.info/gnd/4067488-5</marc:subfield>
      <marc:subfield code="0">(DE-101)040674886</marc:subfield>
      <marc:subfield code="a">Zeitschrift</marc:subfield>
      <marc:subfield code="2">gnd-content</marc:subfield>
    </marc:datafield>
    <marc:datafield tag="655" ind1=" " ind2="7">
      <marc:subfield code="0">(DE-588)4188171-0</marc:subfield>
      <marc:subfield code="0">https://d-nb.info/gnd/4188171-0</marc:subfield>
      <marc:subfield code="0">(DE-101)041881710</marc:subfield>
      <marc:subfield code="a">Verzeichnis</marc:subfield>
      <marc:subfield code="2">gnd-content</marc:subfield>
    </marc:datafield>
    <marc:datafield tag="655" ind1=" " ind2="7">
      <marc:subfield code="0">(DE-588)4141451-2</marc:subfield>
      <marc:subfield code="0">https://d-nb.info/gnd/4141451-2</marc:subfield>
      <marc:subfield code="0">(DE-101)041414519</marc:subfield>
      <marc:subfield code="a">Adressbuch</marc:subfield>
      <marc:subfield code="2">gnd-content</marc:subfield>
    </marc:datafield>
    <marc:datafield tag="655" ind1=" " ind2="7">
      <marc:subfield code="a">Adressbuch</marc:subfield>
      <marc:subfield code="9">rswk-swf</marc:subfield>
      <marc:subfield code="2">gnd</marc:subfield>
    </marc:datafield>
    <marc:datafield tag="655" ind1=" " ind2="7">
      <marc:subfield code="a">Adressbuch</marc:subfield>
      <marc:subfield code="9">rswk-swf</marc:subfield>
      <marc:subfield code="2">gnd</marc:subfield>
    </marc:datafield>
    <marc:datafield tag="655" ind1=" " ind2="7">
      <marc:subfield code="a">Adressbuch</marc:subfield>
      <marc:subfield code="9">rswk-swf</marc:subfield>
      <marc:subfield code="2">gnd</marc:subfield>
    </marc:datafield>
    <marc:datafield tag="655" ind1=" " ind2="7">
      <marc:subfield code="a">Adressbuch</marc:subfield>
      <marc:subfield code="9">rswk-swf</marc:subfield>
      <marc:subfield code="2">gnd</marc:subfield>
    </marc:datafield>
    <marc:datafield tag="655" ind1=" " ind2="7">
      <marc:subfield code="a">Adressbuch</marc:subfield>
      <marc:subfield code="9">rswk-swf</marc:subfield>
      <marc:subfield code="2">gnd</marc:subfield>
    </marc:datafield>
    <marc:datafield tag="655" ind1=" " ind2="7">
      <marc:subfield code="a">Adressbuch</marc:subfield>
      <marc:subfield code="9">rswk-swf</marc:subfield>
      <marc:subfield code="2">gnd</marc:subfield>
    </marc:datafield>
    <marc:datafield tag="689" ind1="0" ind2="0">
      <marc:subfield code="0">(DE-588)4070370-8</marc:subfield>
      <marc:subfield code="0">https://d-nb.info/gnd/4070370-8</marc:subfield>
      <marc:subfield code="0">(DE-101)040703703</marc:subfield>
      <marc:subfield code="D">g</marc:subfield>
      <marc:subfield code="a">Deutsches Sprachgebiet</marc:subfield>
    </marc:datafield>
    <marc:datafield tag="689" ind1="0" ind2="1">
      <marc:subfield code="0">(DE-588)4063004-3</marc:subfield>
      <marc:subfield code="0">https://d-nb.info/gnd/4063004-3</marc:subfield>
      <marc:subfield code="0">(DE-101)040630048</marc:subfield>
      <marc:subfield code="D">s</marc:subfield>
      <marc:subfield code="a">Verlag</marc:subfield>
    </marc:datafield>
    <marc:datafield tag="689" ind1="0" ind2="2">
      <marc:subfield code="A">f</marc:subfield>
      <marc:subfield code="a">Adressbuch</marc:subfield>
    </marc:datafield>
    <marc:datafield tag="689" ind1="0" ind2=" ">
      <marc:subfield code="5">DE-188</marc:subfield>
      <marc:subfield code="5">DE-602</marc:subfield>
    </marc:datafield>
    <marc:datafield tag="689" ind1="1" ind2="0">
      <marc:subfield code="0">(DE-588)4070370-8</marc:subfield>
      <marc:subfield code="0">https://d-nb.info/gnd/4070370-8</marc:subfield>
      <marc:subfield code="0">(DE-101)040703703</marc:subfield>
      <marc:subfield code="D">g</marc:subfield>
      <marc:subfield code="a">Deutsches Sprachgebiet</marc:subfield>
    </marc:datafield>
    <marc:datafield tag="689" ind1="1" ind2="1">
      <marc:subfield code="0">(DE-588)4008626-4</marc:subfield>
      <marc:subfield code="0">https://d-nb.info/gnd/4008626-4</marc:subfield>
      <marc:subfield code="0">(DE-101)040086267</marc:subfield>
      <marc:subfield code="D">s</marc:subfield>
      <marc:subfield code="a">Buchhandel</marc:subfield>
    </marc:datafield>
    <marc:datafield tag="689" ind1="1" ind2="2">
      <marc:subfield code="A">f</marc:subfield>
      <marc:subfield code="a">Adressbuch</marc:subfield>
    </marc:datafield>
    <marc:datafield tag="689" ind1="1" ind2=" ">
      <marc:subfield code="5">DE-188</marc:subfield>
      <marc:subfield code="5">DE-602</marc:subfield>
    </marc:datafield>
    <marc:datafield tag="689" ind1="2" ind2="0">
      <marc:subfield code="0">(DE-588)4011889-7</marc:subfield>
      <marc:subfield code="0">https://d-nb.info/gnd/4011889-7</marc:subfield>
      <marc:subfield code="0">(DE-101)040118894</marc:subfield>
      <marc:subfield code="D">g</marc:subfield>
      <marc:subfield code="a">Deutschland</marc:subfield>
      <marc:subfield code="g">Bundesrepublik</marc:subfield>
    </marc:datafield>
    <marc:datafield tag="689" ind1="2" ind2="1">
      <marc:subfield code="0">(DE-588)4008626-4</marc:subfield>
      <marc:subfield code="0">https://d-nb.info/gnd/4008626-4</marc:subfield>
      <marc:subfield code="0">(DE-101)040086267</marc:subfield>
      <marc:subfield code="D">s</marc:subfield>
      <marc:subfield code="a">Buchhandel</marc:subfield>
    </marc:datafield>
    <marc:datafield tag="689" ind1="2" ind2="2">
      <marc:subfield code="A">f</marc:subfield>
      <marc:subfield code="a">Adressbuch</marc:subfield>
    </marc:datafield>
    <marc:datafield tag="689" ind1="2" ind2=" ">
      <marc:subfield code="5">DE-600</marc:subfield>
      <marc:subfield code="5">DE-600</marc:subfield>
    </marc:datafield>
    <marc:datafield tag="689" ind1="3" ind2="0">
      <marc:subfield code="0">(DE-588)4043271-3</marc:subfield>
      <marc:subfield code="0">https://d-nb.info/gnd/4043271-3</marc:subfield>
      <marc:subfield code="0">(DE-101)040432718</marc:subfield>
      <marc:subfield code="D">g</marc:subfield>
      <marc:subfield code="a">Österreich</marc:subfield>
    </marc:datafield>
    <marc:datafield tag="689" ind1="3" ind2="1">
      <marc:subfield code="0">(DE-588)4008626-4</marc:subfield>
      <marc:subfield code="0">https://d-nb.info/gnd/4008626-4</marc:subfield>
      <marc:subfield code="0">(DE-101)040086267</marc:subfield>
      <marc:subfield code="D">s</marc:subfield>
      <marc:subfield code="a">Buchhandel</marc:subfield>
    </marc:datafield>
    <marc:datafield tag="689" ind1="3" ind2="2">
      <marc:subfield code="A">f</marc:subfield>
      <marc:subfield code="a">Adressbuch</marc:subfield>
    </marc:datafield>
    <marc:datafield tag="689" ind1="3" ind2=" ">
      <marc:subfield code="5">DE-600</marc:subfield>
      <marc:subfield code="5">DE-600</marc:subfield>
    </marc:datafield>
    <marc:datafield tag="689" ind1="4" ind2="0">
      <marc:subfield code="0">(DE-588)4053881-3</marc:subfield>
      <marc:subfield code="0">https://d-nb.info/gnd/4053881-3</marc:subfield>
      <marc:subfield code="0">(DE-101)040538818</marc:subfield>
      <marc:subfield code="D">g</marc:subfield>
      <marc:subfield code="a">Schweiz</marc:subfield>
    </marc:datafield>
    <marc:datafield tag="689" ind1="4" ind2="1">
      <marc:subfield code="0">(DE-588)4008626-4</marc:subfield>
      <marc:subfield code="0">https://d-nb.info/gnd/4008626-4</marc:subfield>
      <marc:subfield code="0">(DE-101)040086267</marc:subfield>
      <marc:subfield code="D">s</marc:subfield>
      <marc:subfield code="a">Buchhandel</marc:subfield>
    </marc:datafield>
    <marc:datafield tag="689" ind1="4" ind2="2">
      <marc:subfield code="A">f</marc:subfield>
      <marc:subfield code="a">Adressbuch</marc:subfield>
    </marc:datafield>
    <marc:datafield tag="689" ind1="4" ind2=" ">
      <marc:subfield code="5">DE-600</marc:subfield>
      <marc:subfield code="5">DE-600</marc:subfield>
    </marc:datafield>
    <marc:datafield tag="689" ind1="5" ind2="0">
      <marc:subfield code="0">(DE-588)4011882-4</marc:subfield>
      <marc:subfield code="0">https://d-nb.info/gnd/4011882-4</marc:subfield>
      <marc:subfield code="0">(DE-101)040118827</marc:subfield>
      <marc:subfield code="D">g</marc:subfield>
      <marc:subfield code="a">Deutschland</marc:subfield>
    </marc:datafield>
    <marc:datafield tag="689" ind1="5" ind2="1">
      <marc:subfield code="0">(DE-588)4063004-3</marc:subfield>
      <marc:subfield code="0">https://d-nb.info/gnd/4063004-3</marc:subfield>
      <marc:subfield code="0">(DE-101)040630048</marc:subfield>
      <marc:subfield code="D">s</marc:subfield>
      <marc:subfield code="a">Verlag</marc:subfield>
    </marc:datafield>
    <marc:datafield tag="689" ind1="5" ind2="2">
      <marc:subfield code="A">f</marc:subfield>
      <marc:subfield code="a">Adressbuch</marc:subfield>
    </marc:datafield>
    <marc:datafield tag="689" ind1="5" ind2=" ">
      <marc:subfield code="5">DE-188</marc:subfield>
      <marc:subfield code="5">DE-602</marc:subfield>
    </marc:datafield>
    <marc:datafield tag="710" ind1="2" ind2=" ">
      <marc:subfield code="0">(DE-588)1003599-0</marc:subfield>
      <marc:subfield code="0">https://d-nb.info/gnd/1003599-0</marc:subfield>
      <marc:subfield code="0">(DE-101)004021401</marc:subfield>
      <marc:subfield code="a">Buchhändler-Vereinigung</marc:subfield>
      <marc:subfield code="e">Herausgebendes Organ</marc:subfield>
      <marc:subfield code="4">isb</marc:subfield>
      <marc:subfield code="2">gnd</marc:subfield>
    </marc:datafield>
    <marc:datafield tag="770" ind1="0" ind2="8">
      <marc:subfield code="i">Darin</marc:subfield>
      <marc:subfield code="t">Schweizer Buchhandel / Adressbuch</marc:subfield>
      <marc:subfield code="d">Zürich : Verl. d. Schweizer. Buchhändler- u. Verleger-Vereins, 1953-1988</marc:subfield>
      <marc:subfield code="w">(DE-600)518043-0</marc:subfield>
      <marc:subfield code="w">(DE-101)012747122</marc:subfield>
    </marc:datafield>
    <marc:datafield tag="770" ind1="0" ind2="8">
      <marc:subfield code="i">Darin</marc:subfield>
      <marc:subfield code="t">Adreßbuch des österreichischen Buch-, Kunst-, Musikalien- und Zeitschriftenhandels</marc:subfield>
      <marc:subfield code="d">Wien : Hauptverband, 1949-1975</marc:subfield>
      <marc:subfield code="w">(DE-600)518045-4</marc:subfield>
      <marc:subfield code="w">(DE-101)012747149</marc:subfield>
    </marc:datafield>
    <marc:datafield tag="770" ind1="0" ind2="8">
      <marc:subfield code="i">Darin</marc:subfield>
      <marc:subfield code="t">Adressbuch des österreichischen Buchhandels</marc:subfield>
      <marc:subfield code="d">Wien : Hauptverb., 1976-2000</marc:subfield>
      <marc:subfield code="w">(DE-600)145943-0</marc:subfield>
      <marc:subfield code="w">(DE-101)010862587</marc:subfield>
    </marc:datafield>
    <marc:datafield tag="770" ind1="0" ind2="8">
      <marc:subfield code="i">Supplement</marc:subfield>
      <marc:subfield code="n">-1977/1978</marc:subfield>
      <marc:subfield code="t">Verzeichnis der einheitlichen Verkehrsnummern im Buchhandel</marc:subfield>
      <marc:subfield code="d">Frankfurt, M. : Buchhändler-Vereinigung, 1964-1977</marc:subfield>
      <marc:subfield code="w">(DE-600)715505-0</marc:subfield>
      <marc:subfield code="w">(DE-101)013862243</marc:subfield>
    </marc:datafield>
    <marc:datafield tag="780" ind1="0" ind2="5">
      <marc:subfield code="i">Darin aufgegangen</marc:subfield>
      <marc:subfield code="t">Verzeichnis der einheitlichen Verkehrsnummern im Buchhandel</marc:subfield>
      <marc:subfield code="d">Frankfurt, M. : Buchhändler-Vereinigung, 1964-1977</marc:subfield>
      <marc:subfield code="w">(DE-600)715505-0</marc:subfield>
      <marc:subfield code="w">(DE-101)013862243</marc:subfield>
    </marc:datafield>
    <marc:datafield tag="780" ind1="0" ind2="0">
      <marc:subfield code="i">CD-ROM-Ausg. u. Vorg.</marc:subfield>
      <marc:subfield code="t">Adressbuch für den deutschsprachigen Buchhandel</marc:subfield>
      <marc:subfield code="d">Frankfurt, M. : MVB, Marketing- und Verl.-Service des Buchhandels, 1996-2011</marc:subfield>
      <marc:subfield code="h">CD-ROMs</marc:subfield>
      <marc:subfield code="w">(DE-600)1336046-2</marc:subfield>
      <marc:subfield code="w">(DE-101)018382428</marc:subfield>
    </marc:datafield>
    <marc:datafield tag="780" ind1="0" ind2="0">
      <marc:subfield code="i">Vorg.:</marc:subfield>
      <marc:subfield code="t">Buchhandelsadressbuch</marc:subfield>
      <marc:subfield code="d">Frankfurt, M. : Buchhändler-Vereinigung, 1952-1952</marc:subfield>
      <marc:subfield code="w">(DE-600)210489-1</marc:subfield>
      <marc:subfield code="w">(DE-101)011220716</marc:subfield>
    </marc:datafield>
    <marc:datafield tag="785" ind1="0" ind2="0">
      <marc:subfield code="i">Fortgesetzt durch</marc:subfield>
      <marc:subfield code="t">Adressbuch für den deutschsprachigen Buchhandel </marc:subfield>
      <marc:subfield code="d">Frankfurt am Main : MVB, Marketing- und Verl.-Service des Buchhandels, 2012-</marc:subfield>
      <marc:subfield code="h">Online-Ressource</marc:subfield>
      <marc:subfield code="w">(DE-600)2672703-1</marc:subfield>
      <marc:subfield code="w">(DE-101)1024180336</marc:subfield>
    </marc:datafield>
    <marc:datafield tag="850" ind1=" " ind2=" ">
      <marc:subfield code="a">DE-101a</marc:subfield>
      <marc:subfield code="a">DE-101b</marc:subfield>
    </marc:datafield>
    <marc:datafield tag="889" ind1=" " ind2=" ">
      <marc:subfield code="w">(DE-101)550434437</marc:subfield>
    </marc:datafield>
    <marc:datafield tag="925" ind1="r" ind2=" ">
      <marc:subfield code="a">ra</marc:subfield>
    </marc:datafield>
  </marc:record>
</marc:collection>
